Statistics for Walking Across US State Borders

Click here to take the quiz!

General Stats

  • This quiz has been taken 56 times
  • The average score is 13 of 14

Answer Stats

Start In Direction State % Correct
North CarolinaNorthVirginia
100%
TexasWestNew Mexico
100%
IndianaNorthMichigan
100%
OregonEastIdaho
98%
North DakotaWestMontana
98%
OregonNorthWashington
96%
South DakotaSouthNebraska
93%
IowaSouthMissouri
93%
UtahSouthArizona
93%
New JerseyWestPennsylvania
91%
ConnecticutEastRhode Island
91%
TennesseeEastNorth Carolina
89%
MississippiNorthTennessee
87%
DelawareWestMaryland
85%

Score Distribution

Percentile by Number Answered

Percent of People with Each Score

Your Score History

You have not taken this quiz